[Event "44th Rilton Cup 2014-15"]
[Site "Stockholm SWE"]
[Date "2015.01.01"]
[Round "5.10"]
[White "Goganov, Aleksey"]
[Black "Wallace, John Paul"]
[Result "1-0"]
[WhiteTitle "GM"]
[BlackTitle "IM"]
[WhiteElo "2615"]
[BlackElo "2404"]
[WhiteFideId "24109959"]
[BlackFideId "3200957"]
[EventDate "2014.12.27"]

1. d4 Nf6 2. c4 g6 3. Nc3 Bg7 4. e4 d6 5. Nf3 O-O 6. Be2 e5 7. O-O Na6 8. Be3 c6
9. d5 Ng4 10. Bg5 f6 11. Bh4 c5 12. Ne1 h5 13. a3 b6 14. Rb1 Qe7 15. b4 g5 16.
Bg3 f5 17. h3 Nh6 18. Bxh5 g4 19. hxg4 fxg4 20. Qd2 Bd7 21. b5 Nc7 22. Kh2 a6
23. Nc2 Kh7 24. Rh1 Bf6 25. Kg1 Bg5 26. Qe2 Kg7 27. bxa6 Rxa6 28. Ne3 Rxa3 29.
Ncd1 Rfa8 30. Nxg4 Ra2 31. Qf3 R8a3 32. Rb3 Bxg4 33. Bxg4 Rxb3 34. Qxb3 Ra1 35.
Be2 Na6 36. Qb2 Ra4 37. f4 Bf6 38. fxe5 Bxe5 39. Bxe5+ Qxe5 40. Qxe5+ dxe5 41.
Rh5 Nf7 42. Ne3 Nb8 43. Bg4 b5 44. Be6 bxc4 45. Rh3 Nd8 46. Bf5 c3 47. Rh7+ Kf8
48. Rc7 Na6 49. Rc8 Ke8 50. d6 Ra1+ 51. Kh2 Re1 52. d7+ 1-0

[Event "44th Rilton Cup 2014-15"]
[Site "Stockholm SWE"]
[Date "2015.01.01"]
[Round "5.12"]
[White "Tari, Aryan"]
[Black "Johansson, Linus"]
[Result "1-0"]
[WhiteTitle "IM"]
[BlackTitle "FM"]
[WhiteElo "2485"]
[BlackElo "2391"]
[WhiteFideId "1510045"]
[BlackFideId "1711113"]
[EventDate "2014.12.27"]

1. e4 e6 2. d4 d5 3. Nc3 Nf6 4. e5 Nfd7 5. f4 c5 6. Nf3 Nc6 7. Be3 a6 8. Qd2 b5
9. dxc5 Bxc5 10. Bd3 d4 11. Nxd4 Nxd4 12. Ne4 Qb6 13. Nxc5 Nxc5 14. Bxd4 Nxd3+
15. Qxd3 Qc6 16. O-O-O Bb7 17. Bc5 Rc8 18. b4 Qd5 19. Qg3 Qxg2 20. Qxg2 Bxg2 21.
Rhg1 Be4 22. Rxg7 Rd8 23. Rdg1 Bg6 24. h4 Rd5 25. Rg3 Rxc5 26. bxc5 Kf8 27.
R7xg6 hxg6 28. c6 Kg7 29. Kd2 b4 30. Rd3 Rc8 31. Rd6 Kh6 32. Kd3 Kh5 33. Kc4
Kxh4 34. Kc5 Kg4 35. Rd4 g5 36. fxg5+ Kxg5 37. Rxb4 Kf5 38. Kd6 1-0

[Event "44th Rilton Cup 2014-15"]
[Site "Stockholm SWE"]
[Date "2015.01.01"]
[Round "5.13"]
[White "Bekker-Jensen, Simon"]
[Black "Luukkonen, Tommi"]
[Result "1-0"]
[WhiteTitle "IM"]
[BlackTitle "FM"]
[WhiteElo "2459"]
[BlackElo "2334"]
[WhiteFideId "1403613"]
[BlackFideId "501808"]
[EventDate "2014.12.27"]

1. e4 c5 2. Nf3 d6 3. Bb5+ Nd7 4. O-O Nf6 5. Re1 a6 6. Bd3 Qc7 7. c3 c4 8. Bc2
g6 9. b3 b5 10. bxc4 bxc4 11. Qe2 Bb7 12. a4 Rc8 13. Na3 Bg7 14. Rb1 O-O 15.
Qxc4 Qxc4 16. Nxc4 Bxe4 17. Bxe4 Rxc4 18. Bc2 e5 19. Ba3 Rc6 20. Rb7 Nc5 21.
Bxc5 Rxc5 22. Rb6 a5 23. Rxd6 Re8 24. Rb1 e4 25. Nd4 Ng4 26. Nb3 Rg5 27. h3 Ne5
28. Bxe4 Nc4 29. Rd5 Bh6 30. Rd4 Na3 31. Ra1 Bg7 32. Rd5 Rxd5 33. Bxd5 Bf8 34.
Rc1 Re5 35. c4 Bb4 36. Kf1 1-0

[Event "44th Rilton Cup 2014-15"]
[Site "Stockholm SWE"]
[Date "2015.01.01"]
[Round "5.14"]
[White "Bellon Lopez, Juan Manuel"]
[Black "Akesson, Ralf"]
[Result "0-1"]
[WhiteTitle "GM"]
[BlackTitle "GM"]
[WhiteElo "2381"]
[BlackElo "2457"]
[WhiteFideId "2200031"]
[BlackFideId "1700120"]
[EventDate "2014.12.27"]

1. d4 e6 2. Nf3 c5 3. e3 Nf6 4. Bd3 b6 5. O-O Bb7 6. c4 d6 7. Nc3 Nbd7 8. Ng5
Be7 9. f4 O-O 10. d5 exd5 11. cxd5 h6 12. h4 a6 13. Rf3 b5 14. e4 c4 15. Bc2 Ng4
16. Qe1 Qb6+ 17. Kh1 Rae8 18. Qg3 h5 19. Bd2 Nc5 20. Re1 Bf6 21. a3 a5 22. Nd1
b4 23. axb4 axb4 24. Ne3 Bxg5 25. Nxg4 hxg4 26. Qxg4 Bh6 27. Rg3 Nd3 28. Bxd3
cxd3 29. Qh5 Qf2 30. Rg4 Bc8 0-1

[Event "44th Rilton Cup 2014-15"]
[Site "Stockholm SWE"]
[Date "2015.01.01"]
[Round "5.15"]
[White "Turova, Irina"]
[Black "Percivaldi, Martin"]
[Result "1/2-1/2"]
[WhiteTitle "IM"]
[BlackTitle "FM"]
[WhiteElo "2421"]
[BlackElo "2319"]
[WhiteFideId "4120876"]
[BlackFideId "1508148"]
[EventDate "2014.12.27"]

1. d4 d5 2. c4 c6 3. Nc3 Nf6 4. e3 a6 5. Qc2 b5 6. b3 Bg4 7. Nge2 Nbd7 8. Ng3 e5
9. h3 Be6 10. c5 e4 11. f4 g6 12. Be2 h5 13. Bd2 h4 14. Nf1 Nh5 15. O-O-O a5 16.
Be1 Be7 17. g4 hxg3 18. Bxh5 Rxh5 19. Qg2 f5 20. Nxg3 Rh6 21. Nge2 Kf7 22. Rf1
Bf6 23. Ng1 Qh8 24. Kc2 Nf8 25. Rb1 Bd7 26. b4 a4 27. a3 Ne6 28. Nce2 Rg8 29.
Bg3 Ke8 30. Rbd1 Qh7 31. Qf2 Be7 32. Kc3 Qg7 33. Kc2 Rh5 34. Rd2 Kd8 35. Rdd1
Qf7 36. Qe1 Rg7 37. Rf2 Qg8 38. Rh2 Be8 39. Qf2 Kd7 40. Rf1 Bd8 41. Qe1 Bc7 42.
Rh1 Bd8 1/2-1/2

[Event "44th Rilton Cup 2014-15"]
[Site "Stockholm SWE"]
[Date "2015.01.01"]
[Round "5.16"]
[White "Lindgren, Philip"]
[Black "Bellia, Fabrizio"]
[Result "0-1"]
[WhiteTitle "FM"]
[BlackTitle "IM"]
[WhiteElo "2332"]
[BlackElo "2420"]
[WhiteFideId "1713230"]
[BlackFideId "800511"]
[EventDate "2014.12.27"]

1. c4 e5 2. g3 Nf6 3. Bg2 Bc5 4. Nc3 O-O 5. Nf3 e4 6. Ng5 Bxf2+ 7. Kxf2 Ng4+ 8.
Kg1 Qxg5 9. Nxe4 Qg6 10. b3 Re8 11. d3 d5 12. cxd5 Bf5 13. e3 Ne5 14. Bb2 Nbd7
15. Rc1 Qa6 16. Nf2 Nxd3 17. Nxd3 Bxd3 18. Bd4 Rac8 19. Bh3 f5 20. Bf1 Bxf1 21.
Qxf1 Qxa2 22. Qxf5 Rf8 23. Qc2 Qa5 24. e4 c5 25. Bc3 Qb6 26. Kg2 c4 27. b4 Nf6
28. Bxf6 Rxf6 29. e5 Rff8 30. Rhf1 Rxf1 31. Rxf1 Qd4 32. d6 Qxe5 33. Rd1 b5 34.
Qf2 Rf8 35. Qd2 Rd8 36. d7 Qe6 37. Qd4 a6 38. Rd2 Qc6+ 39. Kg1 c3 40. Qd5+ Qxd5
41. Rxd5 Kf7 42. Kg2 Ke6 43. Rd3 Rxd7 44. Rxc3 Kd5 45. Kf3 Kd4 46. Rc6 Ra7 47.
h4 h6 48. Kf4 a5 49. bxa5 b4 50. a6 b3 51. Rb6 Kc3 52. Rb7 Rxa6 53. Rxg7 Ra4+ 0-1

[Event "44th Rilton Cup 2014-15"]
[Site "Stockholm SWE"]
[Date "2015.01.01"]
[Round "5.17"]
[White "Mikhalevski, Victor"]
[Black "Cederstam Barsk, Carl"]
[Result "1-0"]
[WhiteTitle "GM"]
[BlackTitle "FM"]
[WhiteElo "2571"]
[BlackElo "2317"]
[WhiteFideId "2801914"]
[BlackFideId "1713329"]
[EventDate "2014.12.27"]

1. Nf3 Nf6 2. c4 g6 3. Nc3 Bg7 4. e4 d6 5. d4 O-O 6. Be2 Na6 7. O-O e5 8. Be3
Ng4 9. Bg5 Qe8 10. dxe5 dxe5 11. h3 h6 12. Bd2 Nf6 13. Be3 c6 14. Qd6 Qe6 15.
Qxe5 Qxe5 16. Nxe5 Nxe4 17. Nxg6 Nxc3 18. Ne7+ Kh8 19. bxc3 Bd7 20. Bg4 Rae8 21.
Bxd7 Rxe7 22. Bf5 Rxe3 23. fxe3 Bxc3 24. Rad1 Nc5 25. Rd6 Kg7 26. Rfd1 Bf6 27.
Kf2 Re8 28. Kf3 Bg5 29. Re1 Bf6 30. g4 Be7 31. Rdd1 Bf6 32. e4 Bh4 33. Re3 Bg5
34. Ra3 a6 35. Ra5 Re5 36. Ra3 Re8 37. Rc3 Bf6 38. Rc2 Kf8 39. Rh2 Be5 40. Rg2
Bf6 41. Rd6 Be5 42. Rxh6 Rd8 43. g5 Rd3+ 44. Kg4 Re3 45. Rh7 Nd3 46. g6 fxg6 47.
Bxg6 Bg7 48. Bf5 Bf6 49. Rxb7 Ne5+ 50. Kh5 Nd3 51. Kg6 Be5 52. Kh7 Bg3 53. Bg6
Bc7 54. h4 Rxe4 1-0

[Event "44th Rilton Cup 2014-15"]
[Site "Stockholm SWE"]
[Date "2015.01.01"]
[Round "5.18"]
[White "Blomqvist, Erik"]
[Black "Kvisvik, Brede"]
[Result "1-0"]
[WhiteTitle "GM"]
[BlackTitle "FM"]
[WhiteElo "2525"]
[BlackElo "2275"]
[WhiteFideId "1709437"]
[BlackFideId "1502999"]
[EventDate "2014.12.27"]

1. e4 e6 2. d4 d5 3. Nc3 Bb4 4. exd5 exd5 5. Bd3 Nc6 6. a3 Be7 7. Nge2 Nf6 8. h3
h6 9. Be3 O-O 10. Qd2 Re8 11. O-O-O Na5 12. g4 Nh7 13. Kb1 Nc4 14. Bxc4 dxc4 15.
d5 a6 16. Nd4 Bd7 17. f3 b5 18. Ne4 a5 19. Qc3 Nf6 20. Ne6 fxe6 21. dxe6 Nxe4
22. fxe4 Bf6 23. e5 Bxe5 24. Qxe5 Rxe6 25. Qd5 c6 26. Qd2 Qe7 27. Bxh6 Rxh6 28.
Qxd7 Qxd7 29. Rxd7 Re8 30. h4 Re4 31. g5 Rhxh4 32. Rxh4 Rxh4 33. g6 Rh1+ 34. Ka2
Rf1 35. Rc7 Kf8 36. Rxc6 Rf6 37. Rc5 Rb6 38. a4 bxa4 39. Rxc4 Rxg6 40. Ka3 Rb6
41. Rc5 Rb4 42. Rxa5 Rc4 43. b4 axb3 44. cxb3 Rc7 45. b4 Ke7 46. b5 Rc4 47. b6
Rc6 48. Rb5 Rc8 49. Kb4 Rb8 50. b7 g5 51. Kc5 Kf6 52. Kc6 Kg6 53. Kc7 Rf8 54.
b8=Q Rxb8 55. Kxb8 Kh5 56. Kc7 Kg4 57. Kd6 Kf4 58. Rb4+ 1-0

[Event "44th Rilton Cup 2014-15"]
[Site "Stockholm SWE"]
[Date "2015.01.01"]
[Round "5.19"]
[White "Lissang, Christopher"]
[Black "Semcesen, Daniel"]
[Result "1/2-1/2"]
[BlackTitle "GM"]
[WhiteElo "2273"]
[BlackElo "2471"]
[WhiteFideId "1709615"]
[BlackFideId "1706993"]
[EventDate "2014.12.27"]

1. d4 d5 2. Nf3 Nf6 3. c4 c6 4. cxd5 cxd5 5. Bf4 Nc6 6. Nc3 Nh5 7. Be5 f6 8. Bg3
e6 9. e3 Nxg3 10. hxg3 g6 11. Bd3 f5 12. g4 Bg7 13. gxf5 gxf5 14. Nh4 Qg5 15. f4
Qg3+ 16. Kd2 Bf6 17. Qh5+ Kd8 18. Ne2 Qg7 19. Nf3 Bd7 20. Ne5 Be8 21. Qh6 Qe7
22. a3 Rc8 23. Rab1 Na5 24. b4 Nc4+ 25. Bxc4 dxc4 26. Kc3 Rc7 27. g4 fxg4 28.
Nxg4 Bg7 29. Qg5 Bg6 30. Rbg1 Qxg5 31. fxg5 Ke7 32. Nf4 Be4 33. Rh4 b5 34. Nh5
Kd6 35. Nhf6 Bg6 36. Ne5 Ra8 37. Nxg6 hxg6 38. Ne4+ Kc6 39. Nc5 Re7 40. a4 e5
41. d5+ Kxd5 42. axb5 e4+ 43. Kc2 c3 44. Rd1+ Kc4 45. Nxe4 Kxb5 46. Nd6+ Kb6 47.
Rd5 Kc6 48. Rd3 Kb6 49. Rd5 Kc6 50. Rd3 Kb6 51. Rc4 Rc7 52. Rxc7 Kxc7 53. Nb5+
Kc6 54. Nxc3 Re8 55. Ne2 Re5 56. Nd4+ Kb6 57. Nf3 Re6 58. Kb3 Bf8 59. Kc4 Re4+
60. Kd5 Rxb4 61. Ne5 Be7 62. Nxg6 1/2-1/2

[Event "44th Rilton Cup 2014-15"]
[Site "Stockholm SWE"]
[Date "2015.01.01"]
[Round "5.20"]
[White "Vandenbussche, Thibaut"]
[Black "Engstrom, Kaj"]
[Result "1-0"]
[WhiteTitle "FM"]
[WhiteElo "2418"]
[BlackElo "2261"]
[WhiteFideId "204412"]
[BlackFideId "1701134"]
[EventDate "2014.12.27"]

1. e4 c5 2. Nf3 e6 3. d4 cxd4 4. Nxd4 a6 5. Nc3 Bc5 6. Be3 d6 7. Qd2 Nf6 8.
O-O-O Bb4 9. f3 O-O 10. a3 Ba5 11. Nb3 Bc7 12. h4 Nc6 13. h5 Nd7 14. h6 g6 15.
f4 b5 16. Nd4 Nxd4 17. Bxd4 e5 18. Be3 Bb7 19. g3 Nf6 20. fxe5 dxe5 21. Qe2 Nd7
22. Bh3 f5 23. Rhf1 Qe7 24. exf5 gxf5 25. Rxf5 Rxf5 26. Qg4+ Kh8 27. Qxf5 Nf8
28. Bg5 Qe8 29. Qf6+ Kg8 30. Qg7# 1-0

[Event "44th Rilton Cup 2014-15"]
[Site "Stockholm SWE"]
[Date "2015.01.01"]
[Round "5.21"]
[White "Nielsen, Hogni Egilstoft"]
[Black "Westerberg, Jonathan"]
[Result "1/2-1/2"]
[BlackTitle "IM"]
[WhiteElo "2226"]
[BlackElo "2411"]
[WhiteFideId "7200404"]
[BlackFideId "1701754"]
[EventDate "2014.12.27"]

1. e4 e5 2. Nf3 Nc6 3. Bc4 Nf6 4. d4 exd4 5. e5 Ng4 6. O-O d6 7. exd6 Qxd6 8.
Na3 a6 9. h3 Nh6 10. Re1+ Be7 11. Bg5 O-O 12. Bxe7 Nxe7 13. Qxd4 Qxd4 14. Nxd4
Nhf5 15. g4 Nxd4 16. Rxe7 b5 17. Bd5 c6 18. Bg2 Be6 19. c3 Ne2+ 20. Kh2 Rad8 21.
Bxc6 Rd2 22. Bb7 g5 23. Bxa6 Nf4 24. Rf1 Rxb2 25. Bxb5 Ra8 26. Re8+ Rxe8 27.
Bxe8 Rxa2 28. Nb5 Kf8 29. Bc6 Bc4 30. Re1 Rxf2+ 31. Kg3 Rd2 32. Re3 Bd5 33. Re8+
Kg7 34. Bxd5 Rxd5 35. c4 Rd3+ 36. Kf2 Nxh3+ 37. Ke1 h5 38. c5 hxg4 39. c6 g3 40.
Re2 Nf4 41. c7 Nxe2 42. Kxe2 g2 43. Kf2 Rd2+ 44. Kg1 Rc2 45. Nd6 Kf6 46. c8=Q
Rxc8 47. Nxc8 Ke6 48. Kxg2 f5 49. Kf3 Ke5 50. Ne7 g4+ 51. Kg3 f4+ 52. Kxg4 Ke4
53. Ng6 f3 54. Kg3 Ke3 55. Ne5 f2 56. Ng4+ Ke2 57. Nxf2 1/2-1/2

[Event "44th Rilton Cup 2014-15"]
[Site "Stockholm SWE"]
[Date "2015.01.01"]
[Round "5.22"]
[White "Bergstrom, Rolf"]
[Black "Hedman, Erik"]
[Result "1/2-1/2"]
[WhiteTitle "FM"]
[BlackTitle "FM"]
[WhiteElo "2262"]
[BlackElo "2375"]
[WhiteFideId "1702386"]
[BlackFideId "1702351"]
[EventDate "2014.12.27"]

1. e4 c5 2. Nf3 e6 3. c3 d5 4. e5 d4 5. g3 Bd7 6. Bg2 Bc6 7. O-O Nh6 8. cxd4 Nf5
9. dxc5 Bxc5 10. b3 Bb5 11. Re1 Bd3 12. Ba3 Bxa3 13. Nxa3 Nc6 14. Nc4 O-O 15.
Rc1 1/2-1/2

[Event "44th Rilton Cup 2014-15"]
[Site "Stockholm SWE"]
[Date "2015.01.01"]
[Round "5.23"]
[White "Sarandos, Vasilios"]
[Black "Couso, Luis"]
[Result "1/2-1/2"]
[BlackTitle "FM"]
[WhiteElo "2245"]
[BlackElo "2328"]
[WhiteFideId "4203542"]
[BlackFideId "1702920"]
[EventDate "2014.12.27"]

1. d4 d5 2. c4 c6 3. Nf3 Nf6 4. e3 Bf5 5. Nc3 e6 6. Nh4 Bg6 7. Qb3 Qb6 8. Nxg6
hxg6 9. Bd2 Nbd7 10. g3 Be7 11. Bg2 g5 12. h3 Qa6 13. cxd5 exd5 14. Qc2 b5 15.
Rc1 Nb6 16. b3 b4 17. Nd1 Rc8 18. Bf1 Qb7 19. Qd3 Qd7 20. Bg2 Qe6 21. g4 g6 22.
O-O Ne4 23. Be1 f5 24. f3 O-O 25. fxe4 dxe4 26. gxf5 gxf5 27. Qe2 Nd5 28. Nb2
Kg7 29. Nc4 c5 30. dxc5 Bxc5 31. Bf2 Rf6 32. Qb2 Nc3 33. Rxc3 bxc3 34. Qxc3 f4
35. Re1 f3 36. Bf1 Bd6 37. Rd1 Bc7 38. Qd4 Rd8 39. Qa1 Rxd1 40. Qxd1 g4 41. Be1
gxh3 42. Kh1 Qg4 43. Bf2 Rg6 44. Qd4+ Kh7 45. Ne5 Bxe5 46. Qxe5 h2 47. Qc7+ Kg8
48. Bc4+ Kh8 49. Qb8+ Kh7 50. Qc7+ Kh6 51. Qxh2+ Kg7 52. Qc7+ Kh8 1/2-1/2

[Event "44th Rilton Cup 2014-15"]
[Site "Stockholm SWE"]
[Date "2015.01.01"]
[Round "5.24"]
[White "Furhoff, Johan"]
[Black "Adler, Bo"]
[Result "0-1"]
[WhiteTitle "IM"]
[WhiteElo "2321"]
[BlackElo "2210"]
[WhiteFideId "1701797"]
[BlackFideId "1702149"]
[EventDate "2014.12.27"]

1. e4 e5 2. f4 d5 3. exd5 e4 4. d3 Nf6 5. dxe4 Nxe4 6. Nf3 Bc5 7. Qe2 Bf5 8. Nc3
Qe7 9. Be3 Bxe3 10. Qxe3 Nxc3 11. Qxe7+ Kxe7 12. bxc3 Be4 13. Ng5 Bxd5 14. O-O-O
Be6 15. Nxe6 fxe6 16. Bc4 Nd7 17. Bxe6 Nc5 18. Bc4 Rad8 19. Rhe1+ Kf6 20. Re5
Rxd1+ 21. Kxd1 Rd8+ 22. Ke2 b6 23. g4 Rd6 24. Rf5+ Ke7 25. Rf7+ Kd8 26. Rxg7 Rh6
27. g5 Rxh2+ 28. Kf3 Rxc2 29. Kg4 Rxc3 30. Bg8 b5 31. Rxh7 a5 32. g6 Ne4 33. Kf5
Nd6+ 34. Kf6 Ne8+ 35. Kf7 Rc6 36. Kf8 Rxg6 37. f5 Rf6+ 38. Rf7 Rh6 39. Re7 Rf6+
40. Rf7 Rh6 41. Re7 Nd6 42. Re6 Nxf5 43. Rxh6 Nxh6 44. Be6 c6 45. Bh3 c5 46. Kg7
Ke7 47. Kxh6 Kf6 48. Bd7 b4 49. Bb5 Ke5 50. Kg5 Kd4 51. Kf4 c4 52. Ba4 Kc3 53.
Bb5 b3 54. axb3 cxb3 55. Ke3 a4 0-1

[Event "44th Rilton Cup 2014-15"]
[Site "Stockholm SWE"]
[Date "2015.01.01"]
[Round "5.25"]
[White "Ertan, Can"]
[Black "Olund, Joar"]
[Result "0-1"]
[WhiteTitle "FM"]
[BlackTitle "FM"]
[WhiteElo "2224"]
[BlackElo "2291"]
[WhiteFideId "6306330"]
[BlackFideId "1714848"]
[EventDate "2014.12.27"]

1. e4 g6 2. d4 Bg7 3. Ne2 d6 4. f4 c5 5. d5 Nf6 6. Nbc3 b5 7. e5 dxe5 8. fxe5
Ng4 9. e6 O-O 10. Nf4 b4 11. Ne4 f5 12. Nxc5 Qb6 13. Ncd3 Bb7 14. Qf3 Bd4 15.
Bd2 Na6 16. Rc1 Rac8 17. h3 Nf6 18. c3 bxc3 19. bxc3 Ne4 20. cxd4 Nxd2 21. Kxd2
Qa5+ 22. Kd1 Qa4+ 23. Ke1 Qxd4 24. Be2 Nb4 25. Rxc8 Rxc8 26. Nxb4 Rc1+ 27. Bd1
Qxb4+ 28. Kf2 Rc3 29. Nd3 Qb6+ 30. Qe3 Rxd3 31. Qxb6 axb6 32. Bf3 Bxd5 33. Ke2
Bc4 34. Ra1 Ra3+ 35. Ke1 b5 36. Bc6 Rxa2 37. Rb1 Re2+ 38. Kd1 Rxe6 39. Bxb5 Bxb5
40. Rxb5 Kf7 41. Kd2 Kf6 42. Rb8 Kg5 43. g3 h5 44. Rb4 Re4 45. Rb6 h4 46. gxh4+
Rxh4 47. Rb3 Re4 48. Rb6 e6 49. Rb8 f4 50. Rf8 e5 51. Rf7 Re3 52. Rh7 e4 53. Rh8
Ra3 54. Ke2 Ra2+ 55. Kf1 f3 56. Rf8 Re2 57. Rf7 Ra2 58. Kg1 Kh4 59. Rf4+ Kxh3 0-1

[Event "44th Rilton Cup 2014-15"]
[Site "Stockholm SWE"]
[Date "2015.01.01"]
[Round "5.26"]
[White "Nielsen, Rogvi Egilstoft"]
[Black "Haug, Johannes"]
[Result "1/2-1/2"]
[WhiteElo "2284"]
[BlackElo "2121"]
[WhiteFideId "7200447"]
[BlackFideId "1509268"]
[EventDate "2014.12.27"]

1. e4 e6 2. Nf3 d5 3. Nc3 Nf6 4. e5 Nfd7 5. d4 c5 6. dxc5 Nc6 7. Bf4 Nxc5 8. Be2
Be7 9. O-O O-O 10. Nb5 a6 11. Nbd4 Qc7 12. Re1 b5 13. c3 Bd7 14. Bd3 b4 15. Nxc6
Qxc6 16. cxb4 Nxd3 17. Qxd3 Bxb4 18. Ng5 g6 19. Rac1 Qb5 20. Qh3 h5 21. Red1
Rac8 22. Qf3 Be7 23. b3 Qa5 24. Rxc8 Bxc8 25. a4 Bb7 26. Nh3 Rc8 27. Bd2 Qc7 28.
Re1 d4 29. Qg3 Qc2 30. Qf4 Qxb3 31. Qxd4 Qd5 32. Qxd5 Bxd5 33. Bg5 Bxg5 34. Nxg5
Rc4 35. h3 Rxa4 36. Rb1 Kg7 37. Rb6 Ra1+ 38. Kh2 a5 39. Ra6 a4 40. Ra7 a3 41.
Rxf7+ Kg8 42. Ra7 a2 43. Nh7 Bb3 44. Nf6+ Kf8 45. Rd7 Rh1+ 46. Kg3 h4+ 47. Kg4
a1=Q 1/2-1/2

[Event "44th Rilton Cup 2014-15"]
[Site "Stockholm SWE"]
[Date "2015.01.01"]
[Round "5.27"]
[White "Berglind, Axel"]
[Black "Gagarin, Vasilij"]
[Result "0-1"]
[BlackTitle "IM"]
[WhiteElo "1972"]
[BlackElo "2289"]
[WhiteFideId "1720228"]
[BlackFideId "4103610"]
[EventDate "2014.12.27"]

1. c4 e6 2. e4 d5 3. cxd5 exd5 4. exd5 Nf6 5. Nc3 Nxd5 6. Nf3 Be7 7. d4 O-O 8.
Bd3 Nc6 9. O-O Bg4 10. h3 Nxc3 11. bxc3 Bh5 12. Be3 Bf6 13. Qb1 Bxf3 14. gxf3
Rb8 15. Bxh7+ Kh8 16. Be4 g6 17. f4 Kg7 18. Qd1 Rh8 19. Qg4 Rh4 20. Qg3 Qd7 21.
Kg2 Ne7 22. Rh1 c6 23. Rad1 Nd5 24. Rc1 Qd6 25. Bxd5 Qxd5+ 26. Qf3 Qxa2 27. c4
Rh5 28. Qe4 a6 29. Qd3 Qa5 30. Rb1 Qd8 31. Qe4 Qd7 32. Rbd1 Rd8 33. Qf3 Qe6 34.
c5 Rhd5 35. Rb1 Bxd4 36. Bxd4+ Rxd4 37. Rxb7 0-1

[Event "44th Rilton Cup 2014-15"]
[Site "Stockholm SWE"]
[Date "2015.01.01"]
[Round "5.28"]
[White "Thompson, Ian D"]
[Black "Wikner, Arvid"]
[Result "1-0"]
[WhiteTitle "FM"]
[WhiteElo "2195"]
[BlackElo "2281"]
[WhiteFideId "405205"]
[BlackFideId "1702262"]
[EventDate "2014.12.27"]

1. Nf3 Nc6 2. d4 d5 3. c4 e6 4. Nc3 Bb4 5. Bf4 Nge7 6. Bg3 Nf5 7. e3 h5 8. Bf4
Bd7 9. cxd5 exd5 10. Qb3 Qe7 11. Be2 f6 12. h4 O-O-O 13. Kf1 Be6 14. Rc1 Bxc3
15. Rxc3 Nd6 16. Ba6 Qd7 17. Bxd6 cxd6 18. Bb5 Kc7 19. Qa4 Ra8 20. Ke2 Rhb8 21.
Qa5+ Kc8 22. Rhc1 Qd8 23. Rxc6+ bxc6 24. Rxc6+ Kd7 25. Rc7# 1-0

[Event "44th Rilton Cup 2014-15"]
[Site "Stockholm SWE"]
[Date "2015.01.01"]
[Round "5.29"]
[White "Pettersson, Anders1"]
[Black "Bit-Narva, David"]
[Result "1-0"]
[WhiteTitle "FM"]
[WhiteElo "2280"]
[BlackElo "1996"]
[WhiteFideId "1709771"]
[BlackFideId "24128856"]
[EventDate "2014.12.27"]

1. d4 Nf6 2. c4 g6 3. Nc3 Bg7 4. Nf3 O-O 5. e3 d6 6. Be2 c5 7. O-O Na6 8. b3 b6
9. Bb2 Bb7 10. d5 Nc7 11. Qc2 b5 12. e4 b4 13. Nd1 e5 14. Bc1 Nh5 15. Ne1 Nf4
16. Nd3 f5 17. Nxf4 exf4 18. Bb2 fxe4 19. Qxe4 Qg5 20. Bf3 Rae8 21. Qc2 Bc8 22.
Bxg7 Kxg7 23. Kh1 Bf5 24. Qd2 Qf6 25. Nb2 g5 26. Bh5 Re4 27. Rae1 Qh6 28. Rxe4
Bxe4 29. Qe2 f3 30. Qxe4 Qxh5 31. Nd1 fxg2+ 32. Qxg2 Qf3 33. Ne3 Ne8 34. Re1 Kg6
35. Ng4 Qxg2+ 36. Kxg2 Ng7 37. f3 h5 38. Nf2 Nf5 39. Re6+ Rf6 40. Ne4 Rxe6 41.
dxe6 Ng7 42. e7 Ne8 43. Kg3 Kf5 44. h4 gxh4+ 45. Kxh4 Ke6 46. Kxh5 Kxe7 47. Kg6
Nc7 48. Nf6 a5 49. f4 Kf8 50. f5 Na6 51. Nh7+ 1-0

[Event "44th Rilton Cup 2014-15"]
[Site "Stockholm SWE"]
[Date "2015.01.01"]
[Round "5.30"]
[White "Norlin, Egor"]
[Black "Henriksson, Johan"]
[Result "1/2-1/2"]
[BlackTitle "FM"]
[WhiteElo "2186"]
[BlackElo "2267"]
[WhiteFideId "1713973"]
[BlackFideId "1703560"]
[EventDate "2014.12.27"]

1. d4 c6 2. c4 d5 3. Nc3 Nf6 4. e3 g6 5. Nf3 Bg7 6. cxd5 cxd5 7. Bb5+ Bd7 8.
Bxd7+ Nbxd7 9. Qb3 Nb6 10. O-O O-O 11. Na4 Nxa4 12. Qxa4 Ne4 13. Bd2 Nxd2 14.
Nxd2 Qb6 15. Nb3 e5 16. Rfd1 Rfd8 17. Rac1 exd4 18. Nxd4 Rac8 19. b3 Bxd4 20.
Qxd4 Qxd4 21. exd4 Kf8 22. Kf1 Ke7 23. Ke2 Kd6 24. Rxc8 Rxc8 25. Kd3 1/2-1/2

[Event "44th Rilton Cup 2014-15"]
[Site "Stockholm SWE"]
[Date "2015.01.01"]
[Round "5.31"]
[White "Naslund, Mikael"]
[Black "Tomov, Georgi"]
[Result "0-1"]
[WhiteTitle "FM"]
[BlackTitle "FM"]
[WhiteElo "2150"]
[BlackElo "2257"]
[WhiteFideId "1708260"]
[BlackFideId "2908964"]
[EventDate "2014.12.27"]

1. d4 e6 2. c4 f5 3. g3 Nf6 4. Bg2 d5 5. Nf3 c6 6. O-O Bd6 7. Bf4 Bxf4 8. gxf4
O-O 9. Nc3 Nbd7 10. e3 Ne4 11. Qc2 Ndf6 12. Ne5 Nxc3 13. Qxc3 Ng4 14. Nxg4 fxg4
15. f3 Qh4 16. fxg4 Qxg4 17. Rf3 Bd7 18. Qb4 b6 19. Qd6 Be8 20. Rg3 Qe2 21.
Qxe6+ Bf7 22. Qxc6 Rae8 23. Qh6 Bg6 24. Bxd5+ Kh8 25. Qh3 Qxb2 26. Rf1 Bd3 27.
Qd7 g6 28. Bf7 Qe2 29. Rgf3 Rxe3 30. R3f2 Qh5 31. Rc1 Qh4 32. Be6 Rg3+ 33. hxg3
Qxg3+ 34. Rg2 Qe3+ 35. Kh2 Qxf4+ 36. Rg3 Qxc1 37. Qd6 Qh6+ 38. Bh3 Bf5 39. Qe5+
Qg7 40. Bxf5 Qxe5 41. dxe5 Rxf5 42. Ra3 a5 43. Re3 Kg7 44. e6 Kf8 45. e7+ Ke8
46. Kg3 Rc5 47. Re4 a4 48. Kf3 a3 49. Kf2 b5 50. cxb5 Rxb5 51. Kg3 Rb2 52. Ra4
Rxa2 53. Ra7 Ra1 54. Kg2 h5 55. Kh2 g5 56. Ra5 a2 57. Ra7 g4 58. Kg2 g3 0-1

[Event "44th Rilton Cup 2014-15"]
[Site "Stockholm SWE"]
[Date "2015.01.01"]
[Round "5.32"]
[White "Rydstrom, Tom"]
[Black "Jonsson, Emil"]
[Result "1/2-1/2"]
[WhiteElo "2243"]
[BlackElo "2132"]
[WhiteFideId "1714830"]
[BlackFideId "1712268"]
[EventDate "2014.12.27"]

1. e4 e6 2. d4 d5 3. Nc3 Bb4 4. e5 c5 5. a3 Bxc3+ 6. bxc3 Ne7 7. Qg4 Nbc6 8.
Qxg7 Rg8 9. Qxh7 cxd4 10. Ne2 Qc7 11. f4 Bd7 12. h4 O-O-O 13. Qd3 dxc3 14. h5 d4
15. h6 Ng6 16. Nxd4 Nxd4 17. Qxd4 Bb5 18. Qxa7 Bxf1 19. Rxf1 Nh4 20. Rb1 Rxg2 1/2-1/2

[Event "44th Rilton Cup 2014-15"]
[Site "Stockholm SWE"]
[Date "2015.01.01"]
[Round "5.33"]
[White "Gajic, Mladen"]
[Black "Svorono, Gabriel"]
[Result "1-0"]
[WhiteElo "2210"]
[BlackElo "1884"]
[WhiteFideId "1709178"]
[BlackFideId "1715623"]
[EventDate "2014.12.27"]

1. d4 Nf6 2. Bg5 Ne4 3. Bf4 c5 4. f3 Qa5+ 5. c3 Nf6 6. d5 Qb6 7. e4 Qxb2 8. Nd2
Qxc3 9. Bc7 Qe3+ 10. Ne2 b5 11. Rb1 d6 12. Rxb5 Na6 13. Nc4 Qh6 14. Ba5 Bd7 15.
Bd2 Qxd2+ 16. Qxd2 Bxb5 17. Nc3 Bxc4 18. Bxc4 Nc7 19. Nb5 Nxb5 20. Bxb5+ Kd8 21.
Qa5+ 1-0